OPEL-Quiz - Statistiken

Allgemein
  • Dieses Quiz wurde 223 mal gespielt
  • Das Durchschnittsergebnis liegt bei 16 aus 39
Antwortstatistiken
Hint Antwort % Korrekt
A Astra
89%
C Corsa
82%
Z Zafira
75%
M Manta
72%
K Kadett
71%
I Insignia
66%
V Vectra
65%
Adam
61%
O Omega
60%
Mokka
54%
Ascona
53%
Calibra
50%
Karl
43%
R Rekord
42%
Agila
41%
Grandland
41%
Crossland
40%
G GT
40%
Meriva
39%
T Tigra
39%
Combo
38%
Commodore
37%
S Signum
37%
Vivaro
37%
Senator
35%
F Frontera
34%
B Blitz
33%
Ampera
30%
Monza
29%
Movano
29%
Antara
26%
Speedster
26%
Olympia
24%
Sintra
20%
Cascada
18%
Monterey
16%
Campo
12%
Arena
7%
KAD Serie
4%
Keine übereinstimmenden Quizze gefunden
Verteilung der Resultate
Anzahl Personen mit jedem Resultat
Perzentil nach korrekt beantworteten Fragen
Ihre Resultats-Entwicklung
Sie haben dieses Quiz noch nicht gespielt